Дело о причислении к Министерству народного просвещения почетного смотрителя Рогачевского городского училища камер-юнкера фон Ве...

Доступно только в Электронных читальных залах Найти на картеНа карте
RUSMARC
00003775nmc2a2200000 x 450
001278e6af3-a980-4edd-a2f3-433320c14fc5
00520171130212453.0
100##$a20160115l18871893k l0rusy0189 ca
1010#$arus
102##$aRU
2001#$aДело о причислении к Министерству народного просвещения почетного смотрителя Рогачевского городского училища камер-юнкера фон Вермана
$j10 декабря 1887 г. - 5 января 1893 г.
251##$cДело
300##$aДело
801#0$aRU
$bРГИА
$c20160115
$gRCR
801#1$aRU
$bГлавНИВЦ
$c20160115
$2rusmarc
801#2$aRU
$bПБ им. Б.Н. Ельцина
$c20171130
$gRCR
$2rusmarc
850##$aРГИА
852##$aРГИА
$eФедеральное казенное учреждение "Российский государственный исторический архив" (РГИА)
$j113
937##$hРГИА
$d12189544
$aASBIBLIO_SCAN
462#0$100192199c64-6874-4077-9f66-5b288fbc0ba4
$12001
$aДела Инспекторского разряда Департамента народного просвещения за 1887-1901 гг.
$1251
$cОпись
$1852
$j122
461#0$1001a74412a3-3cc5-4d21-8f0a-dfe2fbd9e72d
$12001
$aДепартамент народного просвещения Министерства народного просвещения (1803-1917)
$1251
$cФонд
$1852
$j733
215##$a41 л.
$d36,5х26 см
371##$aДокумент не является опубликованным и широко распространяемым
105##$ay###
1222#$ad
035##$a278e6af3-a980-4edd-a2f3-433320c14fc5
856##$uhttp://readingroom.main.prlib.ru/item.aspx?id_node=n110633959&mode=full
Формат отображения